Statistiche per Videogiochi - Minecraft

Clicka qui per fare il quiz!

Statistiche generali

  • Questo quiz è stato fatto 76 volte
    (72 dall'ultimo reset)
  • Il punteggio medio è 10 su 15

Statistiche sulle risposte

DomandaRisposta% Corretto
Su minecraft esistono i serpenti?No
100%
Quanta lana puoi ottenere da una pecora senza cesoie?1
93%
Quanti tipi di polli esistono?1
93%
Quanti occhi servono per completare il portale dell'end?12
85%
Quando nasce Minecraft?2009
85%
Cosa danno i creeper quando uccisi?Polvere da sparo
85%
Nel Nether si va con un portale?
85%
Cosa danno gli enderman quando uccisi?Enderpearl
80%
Qual è la cosa che amano i villici?Smeraldi
78%
Qual è l'equipaggiamento più forte del gioco?Netherite
75%
Quali sono i personaggi base di Minecraft?Steve e Alex
58%
Dove nasce Minecraft?Svezia
58%
Nella modalità harcore cosa cambia?Non puoi rinascere
4%
Come si crea un arco?Con corde e bastoni
0%
Sopra l'inventario sono presenti tre barre, quali?Vita, armarura e fame
0%

Distribuzione punteggi

Percentile per numero di risposta

Percentuale di utenti per punteggio

I tuoi punteggi nel tempo

Non hai fatto questo quiz dall'ultimo reset